000 00399nam a2200181Ia 4500
001 758
005 20260306140541.0
008 260306t2002||||xx |||||||||||||| ||spa||
041 _aESP
082 _a160
_bG98 T. 2
100 _aGuzmán Jorquera, Edgar
_eAUT
245 0 _aExistencia y realidad
260 _c2002
300 _a
_c
650 _aGEN
654 _aCHU
942 _cLIB
_dJUS
_fJUS
_2ddc
_n
999 _c758
_d758